Lyrics - When I was your man (Bruno Mars) - Statistiques

Statistiques générales
  • Ce quiz a été pris 1 549 fois
  • Le résultat moyen est 220 sur 299
Statistiques - réponses
Réponse % Correct
I
100%
a
97%
When
97%
when
97%
you
97%
your
95%
the
94%
he
92%
but
91%
But
91%
do
91%
Do
91%
flowers,
91%
flowers
91%
was
91%
man
90%
to
90%
To
90%
be
89%
now
89%
Now
89%
Now,
89%
my
88%
My
88%
it
87%
It
87%
just
86%
Same
86%
same
86%
All
85%
all
85%
little
84%
And
83%
and
83%
'Cause
82%
Cause
82%
bigger
81%
dance
80%
hear
80%
me
80%
on
80%
bed
79%
radio
79%
sound
79%
song
78%
Take
78%
every
77%
feels
77%
like
77%
Our
77%
our
77%
hands
76%
hours
76%
party
76%
don't
75%
chance
74%
name
74%
bought
72%
want
72%
bit
71%
dancing
71%
That
71%
that
71%
with
70%
another
69%
too
69%
had
68%
heart
68%
realize
68%
down
67%
young,
66%
dumb
65%
held
65%
breaks
64%
Give
64%
she's
64%
friend
63%
Oh
63%
wanted
63%
about
62%
talk
62%
should've
60%
Should've
60%
baby's
59%
is
59%
tear
58%
does
57%
ego,
53%
selfish
52%
hope
51%
gave
50%
never
50%
know
48%
much
47%
buys
46%
ways
46%
pride,
45%
wrong
44%
holds
42%
hurts
42%
life
42%
say
42%
things
41%
time
41%
woman
41%
strong
40%
first
39%
made
39%
out
39%
eyes
38%
mess
38%
close
37%
has
37%
his
37%
how
37%
done
36%
late
36%
clean
35%
for
35%
get
35%
I'll
35%
mistakes
35%
remember
35%
walk
35%
good
34%
up
34%
sounds
33%
try
33%
apologize
31%
probably
30%
Although
27%
loved
27%
I'm
26%
Caused
24%
haunts
23%
Mmm,
14%
Mmm
14%
ooh-ooh,
10%
ooh-ooh
10%
shoud've
3%
Aucun quiz correspondant
Distribution des résultats
% des personnes avec chaque résultat
Percentile par nombre de réponses
Votre historique - résultats
Vous n’avez pas pris ce quiz